| 000 | 00864nam a2200265 4500 | ||
|---|---|---|---|
| 001 | 000 | ||
| 005 | 20140218092004.0 | ||
| 008 | 000 | ||
| 010 | _a000 | ||
| 020 | _a0130461091 | ||
| 040 |
_aUOEML _cDLC |
||
| 042 | _apcc | ||
| 050 | 0 | 0 |
_aQA76.9.H85 _bH856 2004 |
| 100 | _aDix, Alan ...[et al.] | ||
| 245 | 0 | 0 |
_aHuman-computer interaction / _cAlan Dix ... [et al.]. |
| 250 | _a3rd ed. | ||
| 260 |
_aHarlow, England ; _aNew York : _bPearson/Prentice-Hall, _c2004. |
||
| 300 |
_axxv, 834 p. : _bill. _c24 cm. |
||
| 504 | _aIncludes bibliographical references ([791]-815) and index. | ||
| 650 | 0 | _aHuman-computer interaction. | |
| 700 | 1 | _aDix, Alan. | |
| 906 |
_a7 _bcbc _corignew _d1 _eocip _f20 _gy-gencatlg |
||
| 942 |
_2lcc _cLL |
||
| 999 |
_c251 _d251 |
||